BIBLIOTECA PODER JUDICIAL
Portal Judicial TDF

Los derechos de autor en los trabajos realizados con ayuda de la inteligencia artificial / (Registro nro. 6537)

000 -LEADER
fixed length control field 01129nab a22002537a 4500
003 - CONTROL NUMBER IDENTIFIER
control field OSt
005 - DATE AND TIME OF LATEST TRANSACTION
control field 20260223115702.0
008 - FIXED-LENGTH DATA ELEMENTS--GENERAL INFORMATION
fixed length control field 190506c xxu||||| |||| 00| 0 spa d
040 ## - CATALOGING SOURCE
Transcribing agency PJ
100 ## - MAIN ENTRY--PERSONAL NAME
9 (RLIN) 7133
Personal name Velasco, Luis María
245 13 - TITLE STATEMENT
Title Los derechos de autor en los trabajos realizados con ayuda de la inteligencia artificial /
Statement of responsibility, etc Luis María Velasco.
260 ## - PUBLICATION, DISTRIBUTION, ETC. (IMPRINT)
Place of publication, distribution, etc Buenos Aires :
Name of publisher, distributor, etc AbeledoPerrot,
Date of publication, distribution, etc 2024.
300 ## - PHYSICAL DESCRIPTION
Extent p. 3-8
500 ## - GENERAL NOTE
General note Cita: TR LALEY AR/DOC/311/2024.
505 ## - FORMATTED CONTENTS NOTE
Formatted contents note Sumario: I. Inteligencia sin límites. El ChatGPT.— II. Regulación.— III. Los Derechos de autor de una "obra de arte creada por la IA en EE. UU. y Argentina.— IV. Fuentes.
505 ## - FORMATTED CONTENTS NOTE
Title ¿Te interesa el texto completo? Comunicate al correo: koha@justierradelfuego.gov.ar
650 #0 - SUBJECT ADDED ENTRY--TOPICAL TERM
9 (RLIN) 1316
Topical term or geographic name as entry element DERECHO LABORAL
650 #0 - SUBJECT ADDED ENTRY--TOPICAL TERM
9 (RLIN) 3459
Topical term or geographic name as entry element DERECHOS DE AUTOR
650 #0 - SUBJECT ADDED ENTRY--TOPICAL TERM
9 (RLIN) 6327
Topical term or geographic name as entry element DERECHO DE PROPIEDAD
650 #0 - SUBJECT ADDED ENTRY--TOPICAL TERM
9 (RLIN) 5817
Topical term or geographic name as entry element INTELIGENCIA ARTIFICIAL
650 #0 - SUBJECT ADDED ENTRY--TOPICAL TERM
9 (RLIN) 1323
Topical term or geographic name as entry element CONTRATO DE TRABAJO
773 0# - HOST ITEM ENTRY
Host Biblionumber 2751
Host Itemnumber 3202
Place, publisher, and date of publication Buenos Aires : AbeledoPerrot, 2013-
Title Revista de derecho laboral y seguridad social. Nº 7 - Abril 2024
942 ## - ADDED ENTRY ELEMENTS (KOHA)
Source of classification or shelving scheme
Koha item type Analítica Artículo de Revista

No hay ítems disponibles.

12 de Octubre 789 Ushuaia - Tel:  54(02901)441571
Horario de Atención: 8.00 a 17.00 hs. 
bibliotecaush@justierradelfuego.gov.ar
koha@justierradelfuego.gov.ar
Seguinos en nuestras redes @bibliojustdf 

Con tecnología Koha